Primer curso de latín
Đã lưu trong:
| Tác giả chính: | |
|---|---|
| Định dạng: | Sách |
| Ngôn ngữ: | Undetermined |
| Được phát hành: |
San José, Costa Rica
Editorial de la Universidad de Costa Rica
1986
|
| Phiên bản: | 3 |
| Những chủ đề: | |
| Các nhãn: |
Thêm thẻ
Không có thẻ, Là người đầu tiên thẻ bản ghi này!
|
MARC
| LEADER | 00000nam a2200000Ia 4500 | ||
|---|---|---|---|
| 008 | 170316s9999 xx 000 0 und d | ||
| 090 | |a 415-L F-1p | ||
| 100 | |a Farray González, Nicolás | ||
| 245 | |a Primer curso de latín | ||
| 250 | |a 3 | ||
| 260 | |a San José, Costa Rica | ||
| 260 | |b Editorial de la Universidad de Costa Rica | ||
| 260 | |c 1986 | ||
| 300 | |a 285 páginas | ||
| 650 | |a GRAMÁTICA LATINA | ||
| 999 | |c 19628 |d 19628 | ||
| 040 | |a cru BVZT | ||
| 942 | |c 15 D |h 415-L F-1p |2 z | ||
